| 000 | 01096nam0a22002771 4500 | ||
|---|---|---|---|
| 001 | rc\579253 | ||
| 005 | 20250621172306.0 | ||
| 010 |
_a5-02-028729-6 _959000 |
||
| 035 | _a(NLR Aleph) 005827037 | ||
| 090 |
_a5540093 _c5540093 |
||
| 100 | _a20031121d1988 |||y0rusy50 ca | ||
| 101 | 0 | _arus | |
| 102 | _aRU | ||
| 105 | _aa ||||||||| | ||
| 200 | 1 |
_aПедагогические возможности ЭВМ _eОпыт. Проблемы. Перспективы _fОтв. ред. А.П. Ершов _gАН СССР, Сиб. отд-ние |
|
| 210 |
_aНовосибирск _cНаука. Сиб. отд-ние _d1988 |
||
| 215 |
_a170, [2] с. _cил. _d20 |
||
| 225 | 1 | _aСерия "Наука и технический прогресс" | |
| 320 | _aБиблиогр.: с. 170-171 (19 назв.) | ||
| 700 | 1 |
_7ca _8rus _aФролова _bГ. В. _cжурналист, педагог _f1939-2004 _gГалина Васильевна _9213345 _3RU\NLR\AUTH\770213401 |
|
| 801 | 0 |
_aRU _bNLR _gpsbo |
|
| 801 | 1 |
_aRU _bELAR _2rusmarc |
|
| 852 |
_aNLR _j88-3/11878 |
||
| 942 | _cBOOK | ||
| 980 | _aNB | ||